The branches of U.S. government / (Record no. 7102)

MARC details
000 -LEADER
fixed length control field 00894nam a22002537a 4500
001 - CONTROL NUMBER
control field 7102
003 - CONTROL NUMBER IDENTIFIER
control field FISKH
005 - DATE AND TIME OF LATEST TRANSACTION
control field 20250623142245.0
008 - FIXED-LENGTH DATA ELEMENTS--GENERAL INFORMATION
fixed length control field 250623b cb ||||| |||| 00| 0 eng d
020 ## - INTERNATIONAL STANDARD BOOK NUMBER
International Standard Book Number 9780531265536
040 ## - CATALOGING SOURCE
Original cataloging agency FISKH
Language of cataloging eng
Transcribing agency FISKH
Modifying agency FISKH
050 ## - LIBRARY OF CONGRESS CALL NUMBER
Classification number JK40 .B87
082 ## - DEWEY DECIMAL CLASSIFICATION NUMBER
Classification number 320.473
100 ## - MAIN ENTRY--PERSONAL NAME
Personal name Burgan, Michael
245 ## - TITLE STATEMENT
Title The branches of U.S. government /
Statement of responsibility, etc. By Michael Burgan
260 ## - PUBLICATION, DISTRIBUTION, ETC.
Place of publication, distribution, etc. New York :
Name of publisher, distributor, etc. Scholastic ,
Date of publication, distribution, etc. 2012.
300 ## - PHYSICAL DESCRIPTION
Extent 64 pages :
Other physical details color illustrations , maps ;
Dimensions 23 cm .
490 ## - SERIES STATEMENT
Series statement Cornerstones of Freedom
Volume/sequential designation Third Series
520 ## - SUMMARY, ETC.
Summary, etc. Describes the development of the United States government and discusses the responsibilities of each branch.
650 ## - SUBJECT ADDED ENTRY--TOPICAL TERM
Topical term or geographic name entry element United States- Politics and government
Form subdivision Juvenile Literature
650 ## - SUBJECT ADDED ENTRY--TOPICAL TERM
Topical term or geographic name entry element Seperation of powers - United States
Form subdivision Juvenile Literature
942 ## - ADDED ENTRY ELEMENTS (KOHA)
Source of classification or shelving scheme Dewey Decimal Classification
Koha item type Books
Suppress in OPAC No
Holdings
Withdrawn status Lost status Source of classification or shelving scheme Damaged status Not for loan Collection Home library Current library Shelving location Date acquired Total Checkouts Full call number Barcode Date last seen Price effective from Koha item type
    Dewey Decimal Classification     Non-Fiction Footprints International School Library Network Toul Tom Poung Campus Footprints International School Library Network Toul Tom Poung Campus TTP Secondary Non-Fiction Bookshelves 06/23/2025   BUR 320.473 JK40 .B87 FISSE01699 06/23/2025 06/23/2025 Books